000 00481ntaaa2200181 4500
003 01
005 20251027202304.0
008 0714s1973 ag 01
040 _aAR-BaBN
_bspa
_cAR-BaBN
_eaacr
_dRIC
082 _a274.7000 P76
100 _aPollock, J.C.
_921361
245 _aThe faith of the Russian evangelicals
250 _a1 ed.
260 _aGrand Rapids :
_bZondervan Publishing House,
_c1964, 1969
300 _a190 p
650 _aRusia-evangélicos
_921362
942 _cBK
999 _c17664
_d17664